|
|
|
|
| LEADER |
02048nam a2200577 4500 |
| 001 |
ocn852399288 |
| 003 |
OCoLC |
| 005 |
20170124070129.8 |
| 006 |
m o d |
| 007 |
cr cnu|||unuuu |
| 008 |
130710s2013 gw ob 001 0 ger d |
| 040 |
|
|
|a DG1
|b eng
|e pn
|c DG1
|d CUS
|d N$T
|d UKMGB
|d E7B
|d DEBBG
|d OCLCF
|d OCLCQ
|d COO
|d OCLCQ
|d GrThAP
|
| 016 |
7 |
|
|a 016445533
|2 Uk
|
| 020 |
|
|
|a 9783433603208
|q (electronic bk.)
|
| 020 |
|
|
|a 3433603200
|q (electronic bk.)
|
| 020 |
|
|
|a 9783433603215
|q (electronic bk.)
|
| 020 |
|
|
|a 3433603219
|q (electronic bk.)
|
| 020 |
|
|
|z 9783433603239
|
| 020 |
|
|
|z 3433603235
|
| 020 |
|
|
|z 9783433603222
|
| 020 |
|
|
|z 3433603227
|
| 020 |
|
|
|z 9783433029213
|
| 020 |
|
|
|z 3433029210
|
| 029 |
1 |
|
|a AU@
|b 000051763115
|
| 029 |
1 |
|
|a DEBBG
|b BV041483004
|
| 029 |
1 |
|
|a NZ1
|b 15341919
|
| 035 |
|
|
|a (OCoLC)852399288
|
| 050 |
|
4 |
|a TJ1061
|b .B56 2013
|
| 072 |
|
7 |
|a TEC
|x 046000
|2 bisacsh
|
| 082 |
0 |
4 |
|a 621.8/22
|2 23
|
| 049 |
|
|
|a MAIN
|
| 100 |
1 |
|
|a Block, Tobias.
|
| 245 |
1 |
0 |
|a Lager im Bauwesen /
|c Tobias Block, Helmut Eggert, Wolfgang Kauschke.
|
| 250 |
|
|
|a 3. Aufl.
|
| 264 |
|
1 |
|a Berlin :
|b Ernst & Sohn,
|c [2013]
|
| 264 |
|
4 |
|c ©2013
|
| 300 |
|
|
|a 1 online resource (xiii, 630 pages)
|
| 336 |
|
|
|a text
|b txt
|2 rdacontent
|
| 337 |
|
|
|a computer
|b c
|2 rdamedia
|
| 338 |
|
|
|a online resource
|b cr
|2 rdacarrier
|
| 505 |
0 |
|
|a Einleitung und allgemeiner Überblick -- Bauwerk und Lagerungsplan -- Bauwerk und Lagerkräfte -- Lagerarten -- Regelwerke/Normen -- Zulassungen -- Wissenschaft und Forschung.
|
| 504 |
|
|
|a Includes bibliographical references and index.
|
| 588 |
0 |
|
|a Online resource; title from PDF title page (Wiley, viewed July 10, 2013).
|
| 650 |
|
0 |
|a Bearings (Machinery)
|
| 650 |
|
7 |
|a TECHNOLOGY & ENGINEERING
|x Machinery.
|2 bisacsh
|
| 650 |
|
7 |
|a Bearings (Machinery)
|2 fast
|0 (OCoLC)fst00829285
|
| 655 |
|
4 |
|a Electronic books.
|
| 700 |
1 |
|
|a Eggert, Helmut.
|
| 700 |
1 |
|
|a Kauschke, Wolfgang.
|
| 856 |
4 |
0 |
|u https://doi.org/10.1002/9783433603208
|z Full Text via HEAL-Link
|
| 994 |
|
|
|a 92
|b DG1
|